书目信息 |
| 题名: |
王名扬全集
|
|
| 作者: | 王名扬 著 | |
| 分册: | 2 法国行政法 | |
| 出版信息: | 北京 北京大学出版社 2016 |
|
| 页数: | 24,613页 | |
| 开本: | 23cm | |
| 丛书名: | ||
| 单 册: | ||
| 中图分类: | D912.104 , D956.521 | |
| 科图分类: | ||
| 主题词: | 行政法--hang zheng fa--文集 , 行政法--hang zheng fa--研究--法国 | |
| 电子资源: | ||
| ISBN: | 978-7-301-22096-2 | |
| 000 | 00946nam0 22002651 450 | |
| 001 | 1738593275 | |
| 005 | 20170628110225.76 | |
| 010 | @a978-7-301-22096-2@dCNY88.00 | |
| 100 | @a20160504d2016 em y0chiy50 ea | |
| 101 | 0 | @achi |
| 102 | @aCN@b110000 | |
| 105 | @aa z 000yy | |
| 106 | @ar | |
| 200 | 1 | @a王名扬全集@9wang ming yang quan ji@h2@i法国行政法@f王名扬著 |
| 210 | @a北京@c北京大学出版社@d2016 | |
| 215 | @a24,613页@c照片@d23cm | |
| 304 | @a英文分辑题名:Administrative law of France | |
| 330 | @a本书分为十一章,包括行政组织、行政行为、公务员制度、行政主体的财产、公用征收和公用征调、公共工程、行政活动的主要形式、行政主体和公务员的赔偿责任等内容。 | |
| 606 | 0 | @a行政法@9hang zheng fa@j文集 |
| 606 | 0 | @a行政法@9hang zheng fa@x研究@y法国 |
| 690 | @aD912.104@v5 | |
| 690 | @aD956.521@v5 | |
| 701 | 0 | @a王名扬@9wang ming yang@f(1916~2008)@4著 |
| 801 | 0 | @aCN@bTANGWEI@c20170621 |
| 905 | @b1015537-42@dD912.104@e732:2@f6 | |
| 王名扬全集.2.法国行政法/王名扬著.-北京:北京大学出版社,2016 |
| 24,613页:照片;23cm |
| ISBN 978-7-301-22096-2:CNY88.00 |
| 本书分为十一章,包括行政组织、行政行为、公务员制度、行政主体的财产、公用征收和公用征调、公共工程、行政活动的主要形式、行政主体和公务员的赔偿责任等内容。 |
| ● |
| 相关链接 |
|
|
|
|
正题名:王名扬全集
索取号:D912.104/732:2
 
预约/预借
| 序号 | 登录号 | 条形码 | 馆藏地/架位号 | 状态 | 备注 |
| 1 | 1015537 | 210155375 | 第一样本阅览室/ [索取号:D912.104/732:2] | 在馆 | |
| 2 | 1015538 | 210155384 | 教育系资料室/ [索取号:D912.104/732:2] | 在馆 | |
| 3 | 1015539 | 210155393 | 教育系资料室/ [索取号:D912.104/732:2] | 在馆 | |
| 4 | 1015540 | 210155400 | 教育系资料室/ [索取号:D912.104/732:2] | 在馆 | |
| 5 | 1015541 | 210155419 | 第一借阅区/ [索取号:D912.104/732:2] | 在馆 | |
| 6 | 1015542 | 210155428 | 第一借阅区/ [索取号:D912.104/732:2] | 在馆 |